000 00195nam a22000857a 4500
008 170626b xxu||||| |||| 00| 0 eng d
100 _93678
_aCBSE
245 _aMathematics X
260 _aNew Delhi
_c2002
999 _c7093
_d7093